[Event "25th Magistral Barcelona 2020"]
[Site "Barcelona"]
[Date "2020.12.07"]
[Round "6.1"]
[White "Munoz, Miguel"]
[Black "Grigoryan, Karen H."]
[Result "0-1"]
[WhiteElo "2442"]
[BlackElo "2659"]
[Annotator "TA"]
[PlyCount "122"]
[EventDate "2020.12.02"]
[EventType "tourn"]
[EventCountry "ESP"]
[SourceTitle "playchess.com"]
[Source "ChessBase"]
[SourceQuality "1"]

{[%evp 11,122,0,1,0,8,0,0,0,0,0,15,6,4,18,18,0,0,5,16,0,25,10,27,20,33,18,12,0,0,-10,-20,-32,-38,-44,-21,-28,-25,-25,-25,-37,-24,-70,-39,-47,0,-20,-23,-21,-18,-21,-17,-52,-46,-64,-41,-43,-41,-32,-36,-37,-19,-18,8,8,39,8,10,0,0,0,44,31,40,27,139,20,20,-148,-155,-158,-152,-151,-90,-251,-241,-249,-212,-204,-84,-84,0,0,0,-84,-84,-84,-84,-83,-83,-83,-83,-129,-129,-236,-129,-129,-88,-129,-62,-647,-647,-646,-641]} 1. e4 c5 2. Nf3 d6 3. Bb5+ Nd7 4. d4 cxd4 5. Qxd4 a6 6. Bxd7+ Bxd7 7. c4 {B51: Sicilian: Moscow Variation (3 Bb5+) without 3...Bd7.} Nf6 8. Nc3 {now scores much better than the old 8.Bg5.} g6 9. Bg5 {The position is equal.} Bg7 10. O-O h6 $5 {[%mdl 4] Leaves trodden paths.} 11. Bxf6 Bxf6 12. Qe3 Bg7 13. e5 O-O 14. Rad1 Bc6 {[#]} 15. Nd5 $146 ({Predecessor:} 15. exd6 exd6 16. Nd4 Re8 17. Nxc6 bxc6 18. Qd3 Qa5 19. Qxd6 Bxc3 20. bxc3 Qxa2 21. Qxc6 {½-½ (73) Nepomniachtchi,I (2784)-Giri,A (2764) chess24.com INT 2020}) 15... Kh7 (15... Bxd5 $5 16. Rxd5 Qc7 $11) 16. exd6 exd6 17. b3 Qa5 18. a4 Rae8 19. Qb6 Qc5 20. Qxc5 dxc5 21. Rfe1 Rxe1+ 22. Nxe1 Rd8 23. Kf1 b5 24. axb5 axb5 25. Ne3 Rc8 26. Nf3 bxc4 27. bxc4 Ba4 28. Rb1 Rc7 29. Ke2 Ra7 30. Rb6 Bd7 31. Nd5 Ra2+ 32. Ke3 Be6 33. Rc6 Bb2 34. Rxc5 Bc1+ 35. Kd3 Rxf2 36. Nd4 Bg4 37. h3 Bd1 {Threatening ...Rd2+.} (37... Be6 $5) 38. Rc7 {With the idea c5.} (38. Rb5 $5 {[%cal Rb5b1]} Bb2 39. Ne3 $16) 38... Kg8 39. Rc8+ Kg7 40. Rc7 Bb2 ({And not} 40... Rxg2 41. Ne6+ Kh8 42. Rc8+ Kh7 43. Nf6#) 41. Ne3 Ba4 42. c5 Bc1 (42... Rf6 $11) 43. Ra7 (43. Ng4 $1 $16 {[%cal Rg4f2]} Rd2+ 44. Kc3) 43... Ra2 $11 {White must now prevent ...Ra3+.} 44. Nc4 $2 {[#]} (44. Nd5 $11 Bb2 45. c6) 44... Bc2+ $1 $17 {[%mdl 576] Discovered Attack} 45. Nxc2 Rxa7 {[%mdl 4096] Endgame KRB-KNN} 46. c6 Kf8 ({Better is} 46... Bf4 $1 47. Nd4 Ra6) 47. Nb4 $2 (47. g3 $17 {might work better.}) 47... Bf4 $1 $19 48. Nd5 Bh2 49. Kd4 Ra2 (49... h5 $19 50. g4 Bg3 51. gxh5 gxh5) 50. g4 $17 Bg1+ ({Black should play} 50... Ra6 $17 51. Kc5 Ra2) 51. Kd3 $11 Bh2 $1 52. c7 {[#]} (52. Kd4 $1 $11 {remains equal.}) 52... Bxc7 $1 $17 {[%mdl 512]} 53. Nxc7 Rh2 54. Ne3 Rxh3 55. Ke4 h5 56. g5 Rg3 {Threatens to win with ...h4.} 57. Kf4 Rg1 (57... h4 $19 {Strongly threatening ...Rg1.} 58. Ng4 Rg2) 58. Ncd5 Ke8 59. Nc3 h4 (59... Kd7 $17 60. Ne4 Rc1) 60. Ne2 $2 {[%mdl 8192] [#]} (60. Ne4 $15) 60... h3 $1 $19 {[%cal Rh3h2] And now ...h2 would win.} 61. Ng4 {[#]} h2 $1 {[%mdl 512] Weighted Error Value: White=0.33/Black=0.18} 0-1

[Event "25th Magistral Barcelona 2020"]
[Site "Barcelona"]
[Date "2020.12.07"]
[Round "6.2"]
[White "Lopez Martinez, Josep Manuel"]
[Black "Daulyte-Cornette, Deimante"]
[Result "1-0"]
[WhiteElo "2542"]
[BlackElo "2400"]
[Annotator "TA"]
[PlyCount "69"]
[EventDate "2020.12.02"]
[EventType "tourn"]
[EventCountry "ESP"]
[SourceTitle "playchess.com"]
[Source "ChessBase"]
[SourceQuality "1"]

{[%evp 15,69,0,2,-10,6,0,0,-1,8,2,54,59,67,50,55,18,21,26,47,42,50,20,63,56,57,36,313,279,292,243,238,248,251,170,170,156,600,579,558,407,1410,1381,1520,1455,1455,1350,1540,1540,1477,1443,29991,29992,29992,29992,29993,5727]} 1. d4 d5 2. c4 e6 3. Nc3 h6 4. Nf3 Nf6 5. g3 Bd6 6. Bg2 O-O 7. O-O Nc6 8. cxd5 exd5 {[#]} 9. b3 $146 {D35: Queen's Gambit Declined: Exchange Variation.} ({Predecessor:} 9. Nb5 Bf5 10. Nxd6 cxd6 11. b3 a5 12. Bb2 Qb6 13. Qd2 a4 14. Qf4 Ne7 15. Ba3 Rfd8 16. Rfc1 Bh7 {0-1 (51) Skatchkov,V (2242)-Fedoseev,V (2678) Cheliabinsk 2020}) 9... Be6 10. Bb2 Qd7 11. Na4 {The position is equal.} Ne4 12. Rc1 Qe7 (12... Be7 $11) 13. Ne5 $14 Nxe5 14. dxe5 Bb4 15. f3 (15. a3 $5 {[%cal Ra3b4]} Bd2 16. Rc2 $14) 15... Nc5 16. Nc3 Rfd8 17. Nb5 {Hoping for a3.} Na6 18. Nd4 Ba3 19. Bxa3 Qxa3 20. f4 c5 $2 {[%mdl 8192]} ({Black should try} 20... Bd7 $14) 21. Nb5 $18 Qxa2 22. f5 Bd7 23. Nd6 {And now Nxf7! would win.} Bc6 {aiming for ...Qb2.} 24. Bxd5 Qb2 25. e4 $36 {[%mdl 2048] White is on the roll.} ({Worse is} 25. Bxf7+ Kf8 $15) 25... Nb4 $2 {This move loses the game for Black.} (25... Bxd5 $16 26. Qxd5 {[%mdl 64] Double Attack} Qd4+ 27. Qxd4 cxd4) 26. Bxf7+ Kf8 27. Be6 Bxe4 (27... Qxe5 $142 28. Qh5 Qd4+ 29. Rf2 Ke7) 28. Rf2 {[%mdl 64] Zwischenzug} Qxe5 29. Qh5 {[%csl Gd6,Ge6][%cal Rh5f7]} Rd7 30. Nxe4 Qxe4 31. Bxd7 {Threatening mate with Be6.} Nd3 {[#]} 32. Be6 $1 {[%csl Ge6][%cal Rh5f7][%mdl 512]} Ke7 33. Qf7+ {[%mdl 64] Double Attack. White mates.} Kd6 34. Qd7+ Ke5 {[#]} 35. Rd1 {Weighted Error Value: White=0.16/Black=0.95} (35. Bd5 $142 $1 Nxf2 (35... Qxd5 36. Re2+) 36. Bxe4 Nh3+ {[#]} 37. Kf1 $1 {[%mdl 512]} Nf4 38. Qe7+ {[%mdl 64] Double Attack} Ne6 {[%mdl 64] Back Rank} 39. Qxe6+ Kd4 40. Qd5+ $1 {[%mdl 576] Double Attack} Ke3 41. Re1#) 1-0

[Event "25th Magistral Barcelona 2020"]
[Site "Barcelona"]
[Date "2020.12.07"]
[Round "6.3"]
[White "Batsiashvili, Nino"]
[Black "Narciso Dublan, Marc"]
[Result "1/2-1/2"]
[WhiteElo "2460"]
[BlackElo "2492"]
[Annotator "RC"]
[PlyCount "116"]
[EventDate "2020.12.02"]
[EventType "tourn"]
[EventCountry "ESP"]
[SourceTitle "playchess.com"]
[Source "ChessBase"]
[SourceQuality "1"]
[TimeControl "5400+30"]

1. c4 {[%emt 0:00:00]} e5 {[%emt 0:00:31]} 2. Nc3 {[%emt 0:00:00]} d6 {[%emt 0:00:18]} 3. d4 {[%emt 0:01:44]} exd4 {[%emt 0:00:20]} 4. Qxd4 {[%emt 0:00:02]} Nc6 {[%emt 0:00:13]} 5. Qd2 {[%emt 0:00:04]} Nf6 {[%emt 0:00:22]} 6. b3 {[%emt 0:01:59]} a5 {[%emt 0:00:11]} 7. Bb2 {[%emt 0:00:51]} a4 {[%emt 0:00:13]} 8. Rd1 {[%emt 0:01:11]} axb3 {[%emt 0:00:25]} 9. axb3 {[%emt 0:00:01]} g6 {[%emt 0:00:20]} 10. Nf3 {[%emt 0:02:28]} Bg7 {[%emt 0:00:24]} 11. e3 {[%emt 0:01:07]} O-O {[%emt 0:00:38]} 12. Be2 {[%emt 0:00:28]} Nd7 {[%emt 0:11:06]} 13. Na4 {[%emt 0:07:16]} Nc5 {[%emt 0:05:51]} 14. Bxg7 {[%emt 0:02:08]} Kxg7 {[%emt 0:00:06]} 15. Nxc5 {[%emt 0:08:15]} dxc5 {[%emt 0:00:06]} 16. Qb2+ {[%emt 0:01:08]} Qf6 {[%emt 0:00:07]} 17. Qxf6+ {[%emt 0:00:06]} Kxf6 {[%emt 0:00:06]} 18. Nd2 {[%emt 0:00:08]} Bf5 {[%emt 0:14:28]} 19. O-O {[%emt 0:09:18]} Bc2 {[%emt 0:06:23]} 20. Rc1 {[%emt 0:04:02]} Nb4 {[%emt 0:00:47]} 21. Bf3 {[%emt 0:00:55]} c6 {[%emt 0:02:15]} 22. Ne4+ {[%emt 0:05:13]} Bxe4 {[%emt 0:00:27]} 23. Bxe4 {[%emt 0:00:00]} Ra3 {[%emt 0:03:19]} 24. Rb1 {[%emt 0:02:29]} Rd8 {[%emt 0:00:52]} 25. g4 {[%emt 0:00:53]} Rd2 {[%emt 0:02:50]} 26. h4 {[%emt 0:10:55]} Na2 {[%emt 0:11:27]} 27. Bf3 {[%emt 0:00:40]} Nc3 {[%emt 0:00:50]} 28. Ra1 {[%emt 0:00:29]} Rxa1 {[%emt 0:02:20]} 29. Rxa1 {[%emt 0:00:05]} Rb2 {[%emt 0:00:04]} 30. g5+ {[%emt 0:02:51]} Ke6 {[%emt 0:07:32]} 31. Ra8 {[%emt 0:00:57]} Rxb3 {[%emt 0:02:02]} 32. h5 {[%emt 0:06:05]} Rb4 {[%emt 0:17:55]} 33. Bg4+ {[%emt 0:11:46]} Ke7 {[%emt 0:00:46]} 34. Rb8 {[%emt 0:00:11]} Ne4 {[%emt 0:03:51]} 35. f4 {[%emt 0:02:26]} gxh5 {[%emt 0:00:21]} 36. Bxh5 {[%emt 0:01:24]} Nd6 {[%emt 0:00:39]} 37. Rh8 {[%emt 0:02:24]} b5 {[%emt 0:03:02]} 38. Rxh7 {[%emt 0:04:13]} bxc4 {[%emt 0:00:42]} 39. Kf1 {[%emt 0:00:06]} Rb2 {[%emt 0:03:51]} 40. Ke1 {[%emt 0:04:12]} c3 {[%emt 0:00:24]} 41. Kd1 {[%emt 0:00:32]} Ke6 {[%emt 0:01:24]} 42. Rh6+ {[%emt 0:00:31]} Ke7 {[%emt 0:00:05]} 43. Rxd6 {[%emt 0:00:12]} Kxd6 {[%emt 0:00:03]} 44. Bxf7 {[%emt 0:00:06]} Rd2+ {[%emt 0:00:27]} 45. Kc1 {[%emt 0:00:03]} Ke7 {[%emt 0:01:05]} 46. Bc4 {[%emt 0:00:13]} Rf2 {[%emt 0:00:22]} 47. Bd3 {[%emt 0:01:19]} Rf3 {[%emt 0:01:06]} 48. f5 {[%emt 0:00:28]} Rxe3 {[%emt 0:00:15]} 49. Kc2 {[%emt 0:01:35]} Rg3 {[%emt 0:00:36]} 50. g6 {[%emt 0:00:36]} c4 {[%emt 0:00:36]} 51. Bxc4 {[%emt 0:00:12]} Kf6 {[%emt 0:00:12]} 52. Bd3 {[%emt 0:00:05]} Rg4 {[%emt 0:00:52]} 53. Kxc3 {[%emt 0:00:03]} Rf4 {[%emt 0:00:29]} 54. Bc2 {[%emt 0:00:22]} Rg4 {[%emt 0:00:22]} 55. Bd3 {[%emt 0:00:05]} Ke5 {[%emt 0:00:34]} 56. Bc2 {[%emt 0:00:19]} c5 {[%emt 0:00:29]} 57. Bd3 {[%emt 0:00:19]} Kf6 {[%emt 0:00:14]} 58. Bc2 {[%emt 0:00:06]} Rf4 {[%emt 0:00:46]} 1/2-1/2

[Event "25th Magistral Barcelona 2020"]
[Site "Barcelona"]
[Date "2020.12.07"]
[Round "6.4"]
[White "Peralta, Fernando"]
[Black "Milliet, Sophie"]
[Result "1/2-1/2"]
[WhiteElo "2586"]
[BlackElo "2401"]
[Annotator "TA"]
[PlyCount "75"]
[EventDate "2020.12.02"]
[EventType "tourn"]
[EventCountry "ESP"]
[SourceTitle "playchess.com"]
[Source "ChessBase"]
[SourceQuality "1"]

{[%evp 16,75,5,0,13,-4,11,-7,-9,-7,-1,-14,0,0,0,0,34,18,45,20,26,18,39,29,46,69,61,26,85,77,68,61,73,58,92,53,55,62,69,66,87,21,21,0,0,0,0,0,0,0,0,0,0,0,0,0,0,0,0,0,0,0]} 1. d4 Nf6 2. c4 e6 3. Nc3 Bb4 4. e3 O-O 5. Bd3 d5 6. cxd5 exd5 7. Nge2 Re8 8. O-O Bf8 9. a3 a5 {E48: Nimzo-Indian: Rubinstein: 5 Bd3 d5 including 6 Ne2, but excluding 6 a3.} 10. Nf4 Na6 11. Bc2 c6 12. f3 b5 {[%cal Bb7b5,Bb5b4][%mdl 32] [#]} 13. Kh1 $146 ({Predecessor:} 13. Re1 Rb8 14. Nce2 c5 15. dxc5 Nxc5 16. Nd4 Qb6 17. b3 Ne6 18. Bb2 Bd6 19. Qd2 Nxf4 20. exf4 {0-1 (46) Nikolashvili,G (2198)-Khurtsidze,N (2424) Tbilisi 2009}) 13... b4 14. Na4 Rb8 15. Nd3 Nc7 16. axb4 axb4 17. Nac5 (17. Ne5 $5 {[%cal Re5c6]} Bb7 18. f4 $11) 17... Ne6 18. Bd2 Nxc5 19. dxc5 Nd7 20. Bxb4 Rxe3 21. Bd2 (21. Ba5 $5 {[%cal Ra5d8]} Qe8 22. Bc7 $11) 21... Re8 (21... Rxd3 $1 $11 {remains equal.} 22. Bxd3 Nxc5) 22. Bf4 $16 Rb7 23. b4 Nf6 24. Ra8 Nh5 25. Be5 Qh4 26. g3 Qh3 $1 {White should prevent ...Rxe5!} 27. Nf2 Qe6 {[#]} 28. Re1 (28. Bc3 $1 $16) 28... Rbe7 $1 $11 {The position is equal.} 29. g4 Nf4 $1 {Strongly threatening ...Qh6.} 30. Bf5 Qxe5 31. Rxe5 Rxe5 32. Ra1 $1 ({Don't go for} 32. Nd3 $2 Nxd3 33. Qxd3 Bxf5 $19) 32... Bxf5 33. gxf5 Rxf5 34. Nd3 g6 35. Ra6 Nxd3 36. Qxd3 Rg5 {[#] ( -> ...Re1+)} 37. h4 Rh5 38. Rxc6 {Weighted Error Value: White=0.10/Black=0.06} 1/2-1/2

[Event "25th Magistral Barcelona 2020"]
[Site "Barcelona"]
[Date "2020.12.07"]
[Round "6.5"]
[White "Alonso Rosell, Alvar"]
[Black "Ayats Llobera, Gerard"]
[Result "1-0"]
[WhiteElo "2552"]
[BlackElo "2400"]
[Annotator "TA"]
[PlyCount "155"]
[EventDate "2020.12.02"]
[EventType "tourn"]
[EventCountry "ESP"]
[SourceTitle "playchess.com"]
[Source "ChessBase"]
[SourceQuality "1"]

{[%evp 9,155,9,10,5,8,0,0,0,0,0,14,19,27,25,19,14,14,14,23,-19,0,0,14,0,34,23,27,-15,0,-12,-4,-17,0,0,0,0,0,0,0,0,8,0,25,32,27,4,13,0,0,0,0,0,0,0,16,17,29,29,29,29,43,39,55,27,29,28,28,29,27,29,29,27,28,29,83,86,87,27,94,22,22,22,30,52,45,52,70,72,476,470,575,440,1364,1341,1256,1132,3299,2435,2264,2022,2096,2091,1939,3075,2087,1761,4220,1686,2365,0,0,0,0,0,0,0,0,0,0,0,2179,1789,29968,29968,29969,29970,29970,29972,29970,29974,29974,29975,29975,29976,29976,29977,29977,29978,29981,29982,29987,29988,29989,29990,29991,29992,29992,29993]} 1. Nf3 d5 2. g3 Bg4 3. Bg2 Nd7 4. h3 Bxf3 5. Bxf3 Ngf6 6. d3 {A07: Réti Opening: New York and Capablanca Systems.} c6 7. O-O e5 8. Nd2 {The position is equal.} Bc5 9. e4 dxe4 10. dxe4 O-O 11. Qe2 Qc7 12. a4 a5 13. Nc4 Rfd8 {[#]} 14. Bg5 $146 ({Predecessor:} 14. Bg2 Nb6 15. Ne3 g6 16. Kh2 h5 17. Nd1 Nbd7 18. Bg5 Re8 19. Ne3 Nh7 20. Bh6 {½-½ (50) Fressinet,L (2700)-Wang,Y (2718) Huaian 2016}) 14... h6 15. Bd2 Nf8 16. Bg4 b6 {[%cal Bb7b6,Bb6b5][%mdl 32]} 17. Kg2 Nxg4 18. hxg4 Ne6 19. c3 b5 20. Ne3 Bxe3 21. Bxe3 Qb7 22. Rh1 bxa4 23. Rxa4 Qb5 24. Qc2 Rdb8 (24... Rab8 {is more complex.} 25. Ra2 c5 26. Rha1 Rd7 27. Bc1 Ra8) 25. Rb1 Qb3 26. Qxb3 Rxb3 27. Ra3 a4 28. Kf3 c5 29. Rba1 Rxb2 30. Rxa4 Rxa4 31. Rxa4 $11 {[%mdl 4096] Endgame KRB-KRN} Kf8 32. Ra5 Ke7 33. Bxc5+ Nxc5 34. Rxc5 {KR-KR} Ke6 35. Ke3 Rb1 36. f4 Re1+ 37. Kf3 exf4 $1 38. gxf4 Rf1+ 39. Ke3 Re1+ 40. Kd3 Rg1 41. g5 {Hoping for gxh6.} hxg5 (41... h5 $1 $11 {keeps the balance.}) 42. Rxg5 $16 Rf1 43. f5+ ({White should try} 43. Ke3 $16) 43... Kf6 $11 44. Rg3 ({White should play} 44. Rg4 $1 $16) 44... Ra1 45. Kd4 Ra8 46. c4 {Threatens to win with c5.} Rd8+ 47. Kc3 Re8 48. Rg4 $1 Rc8 $2 {[%mdl 8192]} (48... Ke5 $16 {is tougher.}) 49. Kd4 $1 $18 Rd8+ 50. Kc5 Rd1 (50... Ke5 $142 51. Kb6 (51. Rxg7 Rf8 $16) 51... Rd6+ 52. Kc7 g5 53. fxg6 (53. Rxg5 Rd2 $16) 53... Rxg6 54. Rxg6 fxg6) 51. Kc6 Rc1 {[#]} 52. c5 $1 Re1 53. Kd6 Rd1+ 54. Kc7 Re1 55. c6 Re2 56. Kd7 Rd2+ 57. Kc8 Rc2 {[#]} 58. c7 $1 Re2 59. Kb7 $2 (59. Rg1 $18 Rxe4 60. Rc1) 59... Rb2+ $11 60. Ka6 Ra2+ 61. Kb5 Rb2+ $1 62. Kc6 Rc2+ 63. Kd7 Rd2+ 64. Kc8 $2 {[%mdl 8192]} (64. Ke8 $11 Rc2 65. Kd8 Rd2+ 66. Kc8) 64... Re2 $1 $18 65. Rh4 Kg5 66. Rh8 {White mates.} Rxe4 67. Kd7 Rc4 68. c8=Q Rxc8 69. Rxc8 Kxf5 {KR-KPP} 70. Kd6 g5 71. Kd5 g4 72. Kd4 Kf4 73. Kd3 Kf3 {[#]} 74. Rf8 $1 g3 75. Rxf7+ Kg2 76. Ke2 Kh1 77. Rg7 Kg2 {[#]} 78. Rg8 $1 {Accuracy: White = 90%, Black = 72%.} 1-0

[Event "25th Magistral Barcelona 2020"]
[Site "Barcelona"]
[Date "2020.12.08"]
[Round "7.1"]
[White "Ayats Llobera, Gerard"]
[Black "Munoz, Miguel"]
[Result "0-1"]
[WhiteElo "2400"]
[BlackElo "2442"]
[Annotator "ChessBase"]
[PlyCount "108"]
[EventDate "2020.12.02"]
[EventType "tourn"]
[EventCountry "ESP"]
[SourceTitle "playchess.com"]
[Source "ChessBase"]
[SourceQuality "1"]
[TimeControl "5400+30"]

1. Nf3 c5 2. b3 d6 3. d4 cxd4 4. Nxd4 e5 5. Nf3 e4 6. Nd4 d5 7. e3 Nc6 8. Bb2 Nf6 9. Nxc6 bxc6 10. c4 Be6 11. cxd5 Bb4+ 12. Nd2 Bxd5 13. Qc2 Qa5 14. a3 Bxd2+ 15. Qxd2 Qxd2+ 16. Kxd2 Bxb3 17. Bxf6 gxf6 18. Rb1 Bd5 19. Rb7 O-O 20. Ba6 Rfd8 21. Kc2 Be6 22. Rb2 Rd5 23. Be2 Ra5 24. Ra1 Rd8 25. Kc1 Kf8 26. Rc2 Bd5 27. Rc3 Rb8 28. Rb1 Rb6 29. Kc2 Ke7 30. Rd1 f5 31. h4 Kd6 32. Rb1 h6 33. Rb2 Be6 34. Rb1 Bd5 35. Rb2 c5 36. Rb1 Rxb1 37. Kxb1 c4 38. Kc2 Kc5 39. g3 Ra6 40. Bf1 Rg6 41. Be2 a5 42. Bf1 f4 43. exf4 Kd4 44. Be2 f5 45. Bf1 Rb6 46. Re3 Bc6 47. Bh3 c3 48. Bxf5 Rb2+ 49. Kc1 Ra2 50. Kb1 Rxf2 51. Re1 e3 52. h5 e2 53. Bh3 Be4+ 54. Kc1 Ke3 0-1

[Event "25th Magistral Barcelona 2020"]
[Site "Barcelona"]
[Date "2020.12.08"]
[Round "7.2"]
[White "Milliet, Sophie"]
[Black "Alonso Rosell, Alvar"]
[Result "1/2-1/2"]
[WhiteElo "2401"]
[BlackElo "2552"]
[Annotator "ChessBase"]
[PlyCount "111"]
[EventDate "2020.12.02"]
[EventType "tourn"]
[EventCountry "ESP"]
[SourceTitle "playchess.com"]
[Source "ChessBase"]
[SourceQuality "1"]
[TimeControl "5400+30"]

1. e4 {[%emt 0:00:00]} e5 {[%emt 0:06:04]} 2. Nf3 {[%emt 0:00:00]} Nc6 {[%emt 0:00:04]} 3. Bb5 {[%emt 0:00:00]} a6 {[%emt 0:00:04]} 4. Ba4 {[%emt 0:00:00]} g6 {[%emt 0:00:06]} 5. c3 {[%emt 0:01:05]} Bg7 {[%emt 0:03:30]} 6. d4 {[%emt 0:00:24]} b5 {[%emt 0:00:21]} 7. Bc2 {[%emt 0:01:46]} exd4 {[%emt 0:00:06]} 8. cxd4 {[%emt 0:00:03]} d6 {[%emt 0:00:03]} 9. h3 {[%emt 0:00:18]} Nf6 {[%emt 0:00:17]} 10. O-O {[%emt 0:08:26]} O-O {[%emt 0:00:45]} 11. Bg5 {[%emt 0:06:51]} h6 {[%emt 0:02:48]} 12. Bh4 {[%emt 0:00:48]} Re8 {[%emt 0:30:51]} 13. Nbd2 {[%emt 0:03:08]} Bb7 {[%emt 0:19:05]} 14. Re1 {[%emt 0:10:57]} Qd7 {[%emt 0:08:54]} 15. Nb3 {[%emt 0:11:57]} Nb4 {[%emt 0:09:51]} 16. Bxf6 {[%emt 0:03:28]} Bxf6 {[%emt 0:00:03]} 17. Na5 {[%emt 0:00:13]} Rab8 {[%emt 0:06:43]} 18. Nxb7 {[%emt 0:00:29]} Rxb7 {[%emt 0:03:49]} 19. Bb3 {[%emt 0:15:58]} c5 {[%emt 0:00:41]} 20. dxc5 {[%emt 0:03:21]} dxc5 {[%emt 0:00:02]} 21. Qxd7 {[%emt 0:00:39]} Rxd7 {[%emt 0:00:00]} 22. e5 {[%emt 0:15:33]} Nd3 23. exf6 {[%emt 0:05:48]} Nxe1 {[%emt 0:00:12]} 24. Rxe1 {[%emt 0:00:15]} Rxe1+ {[%emt 0:00:23]} 25. Nxe1 {[%emt 0:00:01]} c4 {[%emt 0:04:07]} 26. Bc2 {[%emt 0:00:01]} Rd2 {[%emt 0:00:05]} 27. b3 {[%emt 0:04:21]} c3 {[%emt 0:01:13]} 28. a4 {[%emt 0:00:25]} b4 {[%emt 0:00:30]} 29. g4 {[%emt 0:00:49]} Kf8 {[%emt 0:01:36]} 30. Kg2 {[%emt 0:00:10]} Re2 {[%emt 0:00:31]} 31. Kf1 {[%emt 0:00:05]} Rd2 {[%emt 0:00:04]} 32. Kg2 {[%emt 0:00:06]} Rd6 {[%emt 0:02:07]} 33. a5 {[%emt 0:06:04]} Rd2 {[%emt 0:00:21]} 34. Kf3 {[%emt 0:00:37]} Ke8 {[%emt 0:00:21]} 35. Ke3 {[%emt 0:01:00]} Kd7 {[%emt 0:00:06]} 36. h4 {[%emt 0:01:11]} Kd6 {[%emt 0:01:37]} 37. g5 {[%emt 0:00:35]} hxg5 {[%emt 0:00:01]} 38. hxg5 {[%emt 0:00:03]} Rd5 {[%emt 0:00:15]} 39. f4 {[%emt 0:01:42]} Rxa5 {[%emt 0:00:01]} 40. Nd3 {[%emt 0:00:07]} Rb5 {[%emt 0:00:18]} 41. Ne5 {[%emt 0:00:57]} Rb7 {[%emt 0:00:06]} 42. Kd4 {[%emt 0:00:25]} a5 {[%emt 0:00:15]} 43. Nc4+ {[%emt 0:00:10]} Ke6 {[%emt 0:00:10]} 44. Nxa5 {[%emt 0:00:45]} Rd7+ {[%emt 0:00:12]} 45. Ke3 {[%emt 0:00:34]} Rd2 {[%emt 0:00:04]} 46. Nc6 {[%emt 0:00:06]} Kd6 {[%emt 0:01:09]} 47. Nxb4 {[%emt 0:00:06]} Kc5 {[%emt 0:00:04]} 48. Nd3+ {[%emt 0:00:06]} Kd5 {[%emt 0:00:06]} 49. Ne1 {[%emt 0:00:44]} Rh2 {[%emt 0:00:11]} 50. Be4+ {[%emt 0:00:50]} Kc5 {[%emt 0:00:34]} 51. Nc2 {[%emt 0:00:35]} Rh3+ {[%emt 0:00:12]} 52. Bf3 {[%emt 0:00:25]} Rh2 53. b4+ {[%emt 0:01:29]} Kc4 {[%emt 0:00:34]} 54. Be2+ {[%emt 0:00:25]} Kb3 {[%emt 0:00:05]} 55. Nd4+ {[%emt 0:00:29]} Kxb4 {[%emt 0:00:16]} 56. Bd3 {[%emt 0:00:39]} 1/2-1/2

[Event "25th Magistral Barcelona 2020"]
[Site "Barcelona"]
[Date "2020.12.08"]
[Round "7.3"]
[White "Narciso Dublan, Marc"]
[Black "Peralta, Fernando"]
[Result "1-0"]
[WhiteElo "2492"]
[BlackElo "2586"]
[Annotator "TA"]
[PlyCount "61"]
[EventDate "2020.12.02"]
[EventType "tourn"]
[EventCountry "ESP"]
[SourceTitle "playchess.com"]
[Source "ChessBase"]
[SourceQuality "1"]

{[%evp 14,61,20,19,31,13,21,20,31,0,16,0,22,21,31,25,35,11,22,7,40,46,52,0,0,0,90,90,90,90,89,85,123,81,74,66,76,68,79,67,81,88,103,98,100,97,853,838,805,803]} 1. e4 e6 2. d4 d5 3. e5 c5 4. c3 Nc6 5. Nf3 Bd7 6. Be2 Nge7 7. O-O Ng6 (7... Nf5 8. dxc5 Bxc5 9. b4 Be7 10. Bd3 O-O 11. Re1 Rc8 12. a3 Kh8 13. Ra2 a6 14. Nbd2 Na7 15. Nd4 Rxc3 16. Bxf5 exf5 17. Bb2 {½-½ (67) Narciso Dublan,M (2492)-Peralta,F (2586) Barbera del Valles 2020}) 8. Be3 Be7 {C02: French: Advance Variation.} 9. Nbd2 O-O 10. a3 a5 {[#] The position is equal.} 11. g3 $146 ({Predecessor:} 11. Bd3) 11... cxd4 12. cxd4 f6 13. exf6 Bxf6 14. Nb3 b6 15. Rc1 a4 16. Nbd2 {[%cal Bb3d2,Bd2f3,Bf3e5][%mdl 32]} e5 17. dxe5 Ngxe5 18. Bb5 (18. Nxe5 $14 Nxe5 19. Re1) 18... Kh8 $11 19. Re1 Nxf3+ (19... Ra5 $11 20. Bxa4 Rxa4 21. Qxa4 Nd4 22. Nxe5 (22. Qxd4 Nxf3+ 23. Nxf3 Bxd4 $11) (22. Qd1 Ndxf3+ 23. Nxf3 Bg4 $17) 22... Nf3+ 23. Ndxf3 Bxa4) 20. Nxf3 $16 Ne5 {[#]} 21. Nxe5 $1 Bxb5 {[#]} 22. Bd4 $1 Kg8 23. h4 Qd6 24. Rc3 Rae8 {[%cal Rf6e5]} 25. Rce3 Bxe5 26. Rxe5 Rxe5 27. Rxe5 Re8 {[#]} 28. Rg5 $1 {[%mdl 576] Discovered Attack} Re7 29. Bc3 h6 $2 {[%mdl 8192]} (29... Qc6 $16) 30. Rxd5 $18 {[%mdl 64] Double Attack} Qc6 31. Qh5 {Weighted Error Value: White=0.10/Black=0.22} 1-0

[Event "25th Magistral Barcelona 2020"]
[Site "Barcelona"]
[Date "2020.12.08"]
[Round "7.4"]
[White "Daulyte-Cornette, Deimante"]
[Black "Batsiashvili, Nino"]
[Result "1/2-1/2"]
[WhiteElo "2400"]
[BlackElo "2460"]
[Annotator "TA"]
[PlyCount "52"]
[EventDate "2020.12.02"]
[EventType "tourn"]
[EventCountry "ESP"]
[SourceTitle "playchess.com"]
[Source "ChessBase"]
[SourceQuality "1"]

{[%evp 10,52,35,34,28,27,28,24,22,32,63,73,75,68,72,66,73,0,0,0,0,0,0,0,0,0,0,0,0,0,0,0,0,0,-30,0,0,0,0,0,0,0,0,0,0]} 1. e4 e5 2. Nf3 Nc6 3. Nc3 Nf6 4. Bb5 Nd4 5. Bc4 Bc5 6. Nxe5 Qe7 {C48: Four Knights: 4 Bb5, replies other than 4...Bb4.} 7. Nf3 (7. Bxf7+ Kf8 $17) 7... d5 ({Reject} 7... Nxe4 $6 8. Nd5 $16) 8. Bxd5 Bg4 {White has an edge.} 9. d3 ({But not} 9. Bxb7 Rb8 $17) 9... O-O-O 10. Be3 Nxd5 11. Nxd5 Rxd5 12. exd5 {Black must now prevent c3.} Re8 13. c3 ({White should play} 13. O-O $16 Bxf3 14. gxf3) 13... Nxf3+ $11 14. gxf3 Qh4 $1 15. Kd2 ({Avoid the trap} 15. fxg4 $2 Rxe3+ 16. Kd2 Qxf2+ 17. Kc1 Re2 $19) 15... Rxe3 $1 {[%mdl 64] [#] Remove Defender} 16. fxe3 Qf2+ {[%mdl 64] Double Attack} 17. Kc1 Bxf3 {[%mdl 64] Double Attack} 18. Qe1 Bxe3+ 19. Kb1 {[#] And now Qxf2 would win.} Bxh1 20. Qxh1 {[%mdl 4096] Endgame Strongly threatening Qe4. KQR-KQB} Qe2 $1 {[%cal Re2d3] [#]} 21. a4 $146 {Qe4! is the strong threat.} ({Predecessor:} 21. a3) 21... Qxd3+ 22. Ka2 Qc4+ {The position is equal.} 23. Kb1 Qd3+ 24. Ka2 Qc4+ 25. Kb1 Qd3+ 26. Ka2 Qc4+ {Weighted Error Value: White=0.08/Black=0.02} 1/2-1/2